CompTIA Security+ 4 - Statistics

General Stats
  • This quiz has been taken 16 times
  • The average score is 9 of 22
Answer Stats
Hint Answer % Correct
DoS Denial of Service
83%
DNS Domain Name System
83%
DES Data Encryption Standard
67%
DLP Data Loss Prevention
67%
DHCP Dynamic Host Configuration Protocol
67%
DLL Dynamic-link Library
67%
DNAT Destination Network Address Translation
50%
DSL Digital Subscriber Line
50%
DHE Diffie-Hellman Ephemeral
33%
DRP Disaster Recovery Plan
33%
DER Distinguished Encoding Rules
33%
DKIM Domain Keys Identified Mail
33%
DNSSEC Domain Name System Security Extensions
33%
ECB Electronic Code Book
33%
ECC Elliptic-curve Cryptography
33%
ECDHE Elliptic-curve Diffie-Hellman Ephemeral
33%
ECDSA Elliptic-curve Digital Signature Algorithm
33%
EAP Extensible Authentication Protocol
33%
DEP Data Execution Prevention
17%
DPO Data Protection Officer
17%
DSA Digital Subscriber Algorithm
17%
DMARC Domain Message Authentication Reporting and Conformance
17%
No matching quizzes found
Score Distribution
Percent of People with Each Score
Percentile by Number Answered
Your Score History
You have not taken this quiz